Iqbal / (Record no. 329405)

000 -LEADER
fixed length control field 00884cam a2200277 a 4500
001 - CONTROL NUMBER
control field 14750636
003 - CONTROL NUMBER IDENTIFIER
control field Nust
005 - DATE AND TIME OF LATEST TRANSACTION
control field 20171109110455.0
008 - FIXED-LENGTH DATA ELEMENTS--GENERAL INFORMATION
fixed length control field 070228s2006 pk b 001 0deng
010 ## - LIBRARY OF CONGRESS CONTROL NUMBER
LC control number 2007379689
020 ## - INTERNATIONAL STANDARD BOOK NUMBER
International Standard Book Number 9694163803
025 ## - OVERSEAS ACQUISITION NUMBER
Overseas acquisition number P-E-2007379689 ; 15
040 ## - CATALOGING SOURCE
Original cataloging agency DLC
Transcribing agency DLC
042 ## - AUTHENTICATION CODE
Authentication code lcode
050 00 - LIBRARY OF CONGRESS CALL NUMBER
Classification number PK2199.I65
Item number Z79343 2006
082 ## - DEWEY DECIMAL CLASSIFICATION NUMBER
Classification number 928.914391
Author Mark IQB
100 1# - MAIN ENTRY--PERSONAL NAME
Personal name Mir, Mustansir,
Dates associated with a name 1949-
9 (RLIN) 24
245 10 - TITLE STATEMENT
Title Iqbal /
Statement of responsibility, etc. Mustansir Mir.
250 ## - EDITION STATEMENT
Edition statement 1st ed.
260 ## - PUBLICATION, DISTRIBUTION, ETC.
Place of publication, distribution, etc. Lahore :
Name of publisher, distributor, etc. Iqbal Academy Pakistan,
Date of publication, distribution, etc. 2006.
300 ## - PHYSICAL DESCRIPTION
Extent vi, 157 p. ;
Dimensions 22 cm.
504 ## - BIBLIOGRAPHY, ETC. NOTE
Bibliography, etc. note Includes bibliographical references and index.
600 10 - SUBJECT ADDED ENTRY--PERSONAL NAME
Personal name Iqbal, Muhammad,
Titles and other words associated with a name Sir,
Dates associated with a name 1877-1938.
9 (RLIN) 20
710 2# - ADDED ENTRY--CORPORATE NAME
Corporate name or jurisdiction name as entry element Iqbal Academy (Lahore, Pakistan)
9 (RLIN) 8
906 ## - LOCAL DATA ELEMENT F, LDF (RLIN)
a 7
b cbc
c origode
d 3
e ncip
f 20
g y-gencatlg
942 ## - ADDED ENTRY ELEMENTS (KOHA)
Source of classification or shelving scheme
Koha item type Book
Holdings
Withdrawn status Lost status Source of classification or shelving scheme Damaged status Not for loan Permanent Location Current Location Shelving location Date acquired Total Checkouts Total Renewals Full call number Barcode Date last seen Date last checked out Copy number Price effective from Koha item type
          Central Library (CL) Central Library (CL) Book Cart 05/05/2017 5 2 928.91439 MIR CL2483 10/12/2023 09/25/2023 1 05/05/2017 Book
          Central Library (CL) Central Library (CL) Book Cart 05/05/2017 1 4 928.91439 MIR CL2129 03/15/2024 02/25/2024 2 05/05/2017 Book
© 2023 Central Library, National University of Sciences and Technology. All Rights Reserved.